| Поле | Название | Значение |
| |
Тип записи |
a |
| |
Библиографический уровень |
m |
| 001 |
Контрольный номер |
RU/URAIT/583711 |
| 005 |
Дата корректировки |
20260429163704.7 |
| 008 |
Кодируемые данные |
260429s2026 RU y f j 000 0 rus u |
| 020 |
Индекс ISBN |
__ |
| a |
ISBN |
978-5-534-21009-5 |
| c |
Цена, тираж |
1609.00 |
| 040 |
Источник каталогиз. |
__ |
| a |
Служба первич. каталог. |
ИКО Юрайт |
| c |
Служба, преобразующая запись |
ИКО Юрайт |
| e |
Правила каталог. |
RCR |
| 041 |
Код языка издания |
__ |
| a |
Код языка текста |
rus |
| 044 |
Код страны публикации |
__ |
| a |
Код страны публикации |
RU |
| 080 |
Индекс УДК |
__ |
| a |
Индекс УДК |
336(075.32) |
| 084 |
Индекс другой классификации/Индекс ББК |
__ |
| 2 |
Источник индекса |
rubbk |
| a |
Индекс другой классификации/Индекс ББК |
65.26я723 |
| 100 |
Автор |
__ |
| a |
Автор |
Екимова К. В. |
| q |
Полное имя |
Екимова Ксения Валерьевна |
| 245 |
Заглавие |
__ |
| a |
Заглавие |
Финансовый менеджмент |
| b |
Продолж. заглавия |
учебник для спо |
| c |
Ответственность |
К. В. Екимова, И. П. Савельева, К. В. Кардапольцев. |
| 256 |
Характеристики компьютерного файла |
__ |
| a |
Характеристики компьютерного файла |
Электрон. дан. |
| 260 |
Выходные данные |
__ |
| a |
Место издания |
Москва |
| b |
Издательство |
Юрайт |
| c |
Дата издания |
2026 |
| 300 |
Физическое описание |
__ |
| a |
Объем |
381 с |
| 440 |
Серия |
__ |
| a |
Серия |
Профессиональное образование |
| 500 |
Примечания |
__ |
| a |
Примечание |
URL: https://urait.ru/bcode/583711 (дата обращения: 29.04.2026). |
| 520 |
Аннотация |
__ |
| a |
Аннотация |
Учебник демонстрирует наиболее актуальные и эффективные методы и инструменты финансового менеджмента. Он поможет освоить наиболее важные, ключевые проблемы и задачи, которые встают перед менеджментом компании в текущей экономической ситуации и при современных потребностях рынка. Материал учебника иллюстрирован схемами, графиками и таблицами, содержит большое количество примеров и упражнений на основные расчетные модели, используемые в финансовом менеджменте. |
| 538 |
Прим. о системных особенностях |
__ |
| a |
Прим. о системных особенностях |
Режим доступа: Электронно-библиотечная система Юрайт, для авториз. пользователей |
| 653 |
Ключевые слова |
__ |
| a |
Ключевые слова |
Финансовый менеджмент |
| 653 |
Ключевые слова |
__ |
| a |
Ключевые слова |
Экономические науки |
| 653 |
Ключевые слова |
__ |
| a |
Ключевые слова |
Финансы, денежное обращение и кредит |
| 653 |
Ключевые слова |
__ |
| a |
Ключевые слова |
Финансовый менеджмент |
| 653 |
Ключевые слова |
__ |
| a |
Ключевые слова |
Основы финансового менеджмента |
| 653 |
Ключевые слова |
__ |
| a |
Ключевые слова |
Введение в финансовый менеджмент |
| 653 |
Ключевые слова |
__ |
| a |
Ключевые слова |
Основы калькуляции и учета |
| 653 |
Ключевые слова |
__ |
| a |
Ключевые слова |
Организация деятельности коллектива исполнителей |
| 653 |
Ключевые слова |
__ |
| a |
Ключевые слова |
Финансовая грамотность |
| 653 |
Ключевые слова |
__ |
| a |
Ключевые слова |
Основы финансовой грамотности |
| 653 |
Ключевые слова |
__ |
| a |
Ключевые слова |
Основы экономики и финансовой грамотности |
| 653 |
Ключевые слова |
__ |
| a |
Ключевые слова |
Современный финансовый менеджмент |
| 653 |
Ключевые слова |
__ |
| a |
Ключевые слова |
Организация и проведение экономической и маркетинговой деятельности |
| 653 |
Ключевые слова |
__ |
| a |
Ключевые слова |
Основы финансовой грамотности в профессиональной деятельности |
| 653 |
Ключевые слова |
__ |
| a |
Ключевые слова |
Денежное обращение, финансы и кредит |
| 653 |
Ключевые слова |
__ |
| a |
Ключевые слова |
Финансы, деньги, кредит |
| 653 |
Ключевые слова |
__ |
| a |
Ключевые слова |
Бухучет и калькуляция |
| 653 |
Ключевые слова |
__ |
| a |
Ключевые слова |
Менеджмент финансов |
| 653 |
Ключевые слова |
__ |
| a |
Ключевые слова |
Финансы, кредит и деньги |
| 700 |
Другие авторы |
__ |
| a |
Другие авторы |
Савельева И. П. |
| q |
Полное имя |
Савельева Ирина Петровна |
| 700 |
Другие авторы |
__ |
| a |
Другие авторы |
Кардапольцев К. В. |
| q |
Полное имя |
Кардапольцев Кирилл Владимирович |
| 856 |
Электронный адрес документа |
40 |
| n |
Местонахождение сервера |
Юрайт |
| g |
|
Электронная книга |
| q |
Тип электронного формата |
html |
| h |
Имя пользователя |
ЮРАЙТ |
| v |
Часы доступа к ресурсу |
20271231 |
| 2 |
Способ доступа |
Показать документ |
| x |
Служебное примечание |
https://urait.ru/book/cover/DDD46DEF-370E-4EEB-B197-7C69A8B3E25F |
| u |
URL |
https://urait.ru/bcode/583711 |
| 856 |
Электронный адрес документа |
48 |
| q |
Тип электронного формата |
cover |
| u |
URL |
https://urait.ru/book/cover/DDD46DEF-370E-4EEB-B197-7C69A8B3E25F |
| 911 |
|
__ |
| u |
|
0030=https://urait.ru/bcode/583711 |
| 911 |
|
__ |
| u |
|
073a=9785534210095 |
| u |
|
073d=1609.00 |
| 911 |
|
__ |
| u |
|
106a=s |
| 911 |
|
__ |
| u |
|
900l= |
| 952 |
Тип литературы |
__ |
| i |
Дисциплина |
Финансы, денежное обращение и кредит |
| 952 |
Тип литературы |
__ |
| i |
Дисциплина |
Финансовый менеджмент |
| 952 |
Тип литературы |
__ |
| i |
Дисциплина |
Основы финансового менеджмента |
| 952 |
Тип литературы |
__ |
| i |
Дисциплина |
Введение в финансовый менеджмент |
| 952 |
Тип литературы |
__ |
| i |
Дисциплина |
Основы калькуляции и учета |
| 952 |
Тип литературы |
__ |
| i |
Дисциплина |
Организация деятельности коллектива исполнителей |
| 952 |
Тип литературы |
__ |
| i |
Дисциплина |
Финансовая грамотность |
| 952 |
Тип литературы |
__ |
| i |
Дисциплина |
Основы финансовой грамотности |
| 952 |
Тип литературы |
__ |
| i |
Дисциплина |
Основы экономики и финансовой грамотности |
| 952 |
Тип литературы |
__ |
| i |
Дисциплина |
Современный финансовый менеджмент |
| 952 |
Тип литературы |
__ |
| i |
Дисциплина |
Организация и проведение экономической и маркетинговой деятельности |
| 952 |
Тип литературы |
__ |
| i |
Дисциплина |
Основы финансовой грамотности в профессиональной деятельности |
| 952 |
Тип литературы |
__ |
| i |
Дисциплина |
Денежное обращение, финансы и кредит |
| 952 |
Тип литературы |
__ |
| i |
Дисциплина |
Финансы, деньги, кредит |
| 952 |
Тип литературы |
__ |
| i |
Дисциплина |
Бухучет и калькуляция |
| 952 |
Тип литературы |
__ |
| i |
Дисциплина |
Менеджмент финансов |
| 952 |
Тип литературы |
__ |
| i |
Дисциплина |
Финансы, кредит и деньги |